| 000 | 00723cam a2200229u 4500 | ||
|---|---|---|---|
| 001 | 6045565 | ||
| 003 | OSt | ||
| 005 | 20230619135454.0 | ||
| 008 | 810213s1954 enk 000 0 eng | ||
| 010 | _aa 54005828 | ||
| 040 |
_aDLC _cCarP _dDLC |
||
| 043 | _af------ | ||
| 082 |
_a301.2 _bIAI |
||
| 110 | 2 | _aInternational African Institute. | |
| 245 | 1 | 0 | _aAfrican worlds; studies in the cosmological ideas and social values of African peoples. |
| 260 |
_aLondon, _aNew York, _bOxford University Press, _c1954. |
||
| 300 |
_axvii, 243 p. _bdiagrs, tables ; _c26 cm. |
||
| 650 | 0 |
_aEthnology _zAfrica. |
|
| 700 | 1 |
_aForde, Cyril Daryll, _d1902- _eed. |
|
| 906 |
_a0 _bcbc _cpremunv _du _encip _f19 _gy-gencatlg |
||
| 942 |
_2ddc _cBK |
||
| 999 |
_c1315 _d1315 |
||